| Tag |
First Indicator |
Second Indicator |
Subfields |
| LEADER |
00000cam a2200000 a 4500 |
| 001 |
in00001346607 |
| 005 |
20160206063138.0 |
| 007 |
hd afu---baca |
| 008 |
850418s1845 nyu a 000 0 eng d |
| 035 |
|
|
|a (OCoLC)11938640
|
| 035 |
|
|
|9 AHH4417AM
|
| 040 |
|
|
|a POF
|c IBS
|d POF
|d UtOrBLW
|
| 049 |
|
|
|a TXAI
|
| 090 |
|
|
|a PS586
|b .A450 pt. 2, no. 2531
|
| 099 |
|
|
|a film
|a B
|a 3870
|a Segment II, no. 2531)
|
| 100 |
1 |
|
|a Whitney, Thomas R.
|q (Thomas Richard),
|d 1807-1858.
|
| 245 |
1 |
4 |
|a The ambuscade :
|b an historical poem /
|c by Thomas R. Whitney.
|
| 264 |
|
1 |
|a New York :
|b J.S. Redfield,
|c 1845.
|
| 300 |
|
|
|a 83 pages ;
|c 20 cm.
|
| 336 |
|
|
|a text
|b txt
|2 rdacontent
|
| 337 |
|
|
|a microform
|b h
|2 rdamedia
|
| 338 |
|
|
|a microfilm reel
|b hd
|2 rdacarrier
|
| 533 |
|
|
|a Microfilm.
|b New Haven, Conn. :
|c Research Publications,
|d 1975.
|e 1 microfilm reel ; 35 mm.
|f (American Poetry, 1609-1900 ; Segment II, no. 2531)
|
| 539 |
|
|
|a s
|b 1975
|d ctu
|e n
|
| 500 |
|
|
|a Microform.
|
| 650 |
|
0 |
|a Seminole War, 2nd, 1835-1842
|x Poetry.
|
| 999 |
|
|
|a MARS
|
| 999 |
f |
f |
|s 9468281b-87a5-3f80-8b00-a748b28a3cf1
|i b817f498-afca-3e02-b36e-ce56e8ae5f57
|t 0
|
| 952 |
f |
f |
|p default
|a Texas A&M University
|b College Station
|c Sterling C. Evans Library
|d Evans: Microforms (3rd floor)
|t 0
|e film B 3870 Segment II, no. 2531
|h Other scheme
|i microform -- microfilm reel
|
| 998 |
f |
f |
|a film B 3870 Segment II, no. 2531
|t 0
|l Evans: Microforms (3rd floor)
|